Fluid Mechanics of Plankton (Record no. 11698)

MARC details
000 -LEADER
fixed length control field 01334nam a2200133Ia 4500
008 - FIXED-LENGTH DATA ELEMENTS--GENERAL INFORMATION
fixed length control field 220615s9999||||xx |||||||||||||| ||und||
020 ## - INTERNATIONAL STANDARD BOOK NUMBER
International Standard Book Number 9783040000000
245 #0 - TITLE STATEMENT
Title Fluid Mechanics of Plankton
546 ## - LANGUAGE NOTE
Language note English[eng]
650 ## - SUBJECT ADDED ENTRY--TOPICAL TERM
Topical term or geographic name entry element white sea||arctic ocean||net tow||turbulence avoidance||feeding mode||National Centers for Environmental Information||European Centre for Medium-Range Weather Forecasts||plankton||turbulence||data analysis||copepod||numerical simulation||immersed boundary method||multi-scale simulations||form-function relation||Kolmogorov||chemosensory||signaling||zooplankton||jellyfish||hydrodynamics||escape behavior||Acartia tonsa||copepods||cruising||escape swimming||kinematics||power||cost of transport||locomotion||reorientation||swimming microorganism||nutrient patchiness||phytoplankton||surge uptake||nutrient depletion||turbulent history||microplastics||swimming behavior||imaging||Temora turbinata||propulsion||rotational physics||convergent evolution||torque||moment of inertia||animal movement||plankton jumping||impulsively generated viscous vortex ring||impulsive Stokeslet||impulsive stresslet||elastic collision||Froude propulsion efficiency||added mass coefficient||n/a
700 ## - ADDED ENTRY--PERSONAL NAME
Personal name Yamazaki, Hidekatsu||Strickler, J. Rudi
856 ## - ELECTRONIC LOCATION AND ACCESS
Uniform Resource Identifier <a href="https://mdpi.com/books/pdfview/book/3844">https://mdpi.com/books/pdfview/book/3844</a>
942 ## - ADDED ENTRY ELEMENTS (KOHA)
Koha item type E-Books
Holdings
Withdrawn status Lost status Damaged status Not for loan Home library Current library Date acquired Total Checkouts Date last seen Price effective from Koha item type
        Kerala University of Digital Sciences, Innovation and Technology Knowledge Centre Kerala University of Digital Sciences, Innovation and Technology Knowledge Centre 15/06/2022   15/06/2022 15/06/2022 E-Books